Entrepreneurship : an international introduction.
| Main Author: | |
|---|---|
| Format: | Book |
| Published: |
New York:
Routledge,
2011.
|
| Subjects: |
| LEADER | 00402cam a2200145 7i4500 | ||
|---|---|---|---|
| 001 | 0000027304 | ||
| 005 | 20120209090000.0 | ||
| 020 | 0 | 0 | |a 9780415561204 |
| 090 | 0 | 0 | |a B 658.421 |b KAR |
| 100 | 1 | 0 | |a Kariv |
| 245 | 1 | 0 | |a Entrepreneurship : an international introduction. |
| 260 | 0 | 0 | |a New York: |b Routledge, |c 2011. |
| 300 | # | # | |a 315 p. |
| 650 | 0 | 0 | |a Entrepreneurship |
| 999 | |a B000029961 |b Book |c Book |e Business Information Centre | ||


